书目信息 |
| 题名: |
壁炉山庄的安妮
|
|
| 作者: | 蒙哥马利 著 ;黄夏青 译 | |
| 分册: | ||
| 出版信息: | 重庆 重庆出版社 2009.07 |
|
| 页数: | 302页 | |
| 开本: | 21cm | |
| 丛书名: | 安拉系列 | |
| 单 册: | ||
| 中图分类: | I711.45 | |
| 科图分类: | ||
| 主题词: | 长篇小说--chang pian xiao shuo--加拿大--现代 | |
| 电子资源: | ||
| ISBN: | 978-7-229-00293-0 | |
| 000 | 01040nam 2200289 450 | |
| 001 | 012009013214 | |
| 005 | 20091128145101.21 | |
| 010 | @a978-7-229-00293-0@dCNY20.50 | |
| 100 | @a20091127d2009 em y0chiy0120 ea | |
| 101 | 1 | @achi@ceng |
| 102 | @aCN@b500000 | |
| 105 | @aa z 000ay | |
| 106 | @ar | |
| 200 | 1 | @a壁炉山庄的安妮@Abi lu shan zhuang de an ni@f露西·莫德·蒙哥马利著@Flu xi·mo de·meng ge ma li zhu@g黄夏青译@Ghuang xia qing yi |
| 210 | @a重庆@c重庆出版社@d2009.07 | |
| 215 | @a302页@c图@d21cm | |
| 225 | 2 | @a安拉系列@Aan la xi lie |
| 312 | @a英文并列题名取自封面 | |
| 330 | @a本书主要内容:回到绿山墙, 故地重游, 回到壁炉山庄, 玛丽·玛丽亚姑妈到来, 杰娒下定决心, 杰娒不见了等。 | |
| 410 | 0 | @12001 @a安拉系列 |
| 500 | 10 | @aAnne of ingleside@mChinese |
| 606 | 0 | @a长篇小说@Achang pian xiao shuo@y加拿大@z现代 |
| 690 | @aI711.45@v4 | |
| 701 | 1 | @a蒙哥马利@Ameng ge ma li@g(Montgomery, L. M.)@4著 |
| 702 | 0 | @a黄夏青@Ahuang xia qing@4译 |
| 801 | 0 | @aCN@bQSSK@c20091128 |
| 905 | @b765700-02@dI711.45@eM564@f3 | |
| 壁炉山庄的安妮/露西·莫德·蒙哥马利著/黄夏青译.-重庆:重庆出版社,2009.07 |
| 302页:图;21cm.-(安拉系列) |
| ISBN 978-7-229-00293-0:CNY20.50 |
| 本书主要内容:回到绿山墙, 故地重游, 回到壁炉山庄, 玛丽·玛丽亚姑妈到来, 杰娒下定决心, 杰娒不见了等。 |
| ● |
| 相关链接 |
|
|
|
正题名:壁炉山庄的安妮
索取号:I711.45/M564
 
预约/预借
| 序号 | 登录号 | 条形码 | 馆藏地/架位号 | 状态 | 备注 |
| 1 | 765700 | 207657007 | 文学库116/400B社科库 22排1列6层/ [索取号:I711.45/M564] | 在馆 | |
| 2 | 765701 | 207657016 | 文学库116/400B社科库 26排2列3层/ [索取号:I711.45/M564] | 在馆 | |
| 3 | 765702 | 207657025 | 文学库116/400B社科库 22排2列6层/ [索取号:I711.45/M564] | 在馆 |